Good-bye make-believe! (Record no. 18190)

000 -LEADER
fixed length control field 00492nam a22001457a 4500
008 - FIXED-LENGTH DATA ELEMENTS--GENERAL INFORMATION
fixed length control field 120330t xxu||||| |||| 00| 0 eng d
050 ## - LIBRARY OF CONGRESS CALL NUMBER
Classification number BV 4935
Item number .H4 W3
100 ## - MAIN ENTRY--PERSONAL NAME
Personal name Ward, C. M.
9 (RLIN) 1117
245 ## - TITLE STATEMENT
Title Good-bye make-believe!
Remainder of title Hollywood could never satisfy again after press agent Hal Herman found Christ.
260 ## - PUBLICATION, DISTRIBUTION, ETC. (IMPRINT)
Place of publication, distribution, etc Assemblies of God
Name of publisher, distributor, etc Springfield, Mo.
Date of publication, distribution, etc 1959.
300 ## - PHYSICAL DESCRIPTION
Extent 51 pgs.
Dimensions 17 cm.
440 ## - SERIES STATEMENT/ADDED ENTRY--TITLE
Title The pulpit series.
9 (RLIN) 2304
650 ## - SUBJECT ADDED ENTRY--TOPICAL TERM
Topical term or geographic name as entry element Hal Herman concerts.
9 (RLIN) 2305
942 ## - ADDED ENTRY ELEMENTS (KOHA)
Source of classification or shelving scheme
Item type Books
Copies
Damaged status Permanent location Withdrawn status Koha item type Date acquired Source of classification or shelving scheme Not for loan Full call number Copy number Lost status Current location Barcode Shelving location Price effective from Date last seen
 RHEMA Bible Training College Books2012-03-30  BV 4935 .H4 W31 RHEMA Bible Training College22525General Stacks2012-03-302012-03-31